000 00755nam a2200253Ia 4500
003 OSt
005 20221005043710.0
006 a|||||r|||| 00| 0
007 ta
008 221004b |||||||| |||| 00| 0 eng d
020 _a9788182901568 (hbk)
_c1750
024 _a98887
037 _b368, 22/12/2009, Eastern Book Linkers
_cTextual
040 _aCRL
_cCRL
_beng
041 _2eng
_aeng
082 _aQ2, P9
100 _aMishra Pandit Vidyanivas
_9591824
245 0 _aHindu way
_b A search for the eternal
260 _aGurgaon
_bShubhi Pub. India
_c2009
300 _a173p.
_ccm.
650 _aRELIGION
942 _hQ2, P9
_cTEXL
_2cc
999 _c952278
_d952278